000
00237 a2200097 4500
001
14836
100
_a
Hussain M
245
_a
King Faisal and modernization of Saudi Arabia
260
_a
London
_b
Westview press
_c
090
_c
11607
_d
11607
942
_a
NUST-CAE
_c
M
_c
1789
999
_c
249909
_d
249909